000 01238cam a22003254a 4500
001 13127754
003 OSt
005 20220329094431.0
008 030318s2003 wiu b 001 0 eng
010 _a 2003006498
020 _a1891859455 (pbk.)
040 _aDLC
_cHU
_dDLC
042 _apcc
043 _an-us---
050 0 0 _aLC1099.3
_b.T4215 2003
082 0 0 _a370.117 TEA 2003
_221
100 _a-
245 0 0 _aTeaching diversity :
_bchallenges and complexities, identities, and integrity / edited by William M. Timpson ... [et al.].
260 _aMadison, WI :
_bAtwood Pub.,
_cc2003.
300 _a304 p. ;
_c23 cm.
504 _aIncludes bibliographical references and index.
650 0 _aMulticultural education
_zUnited States
_vCase studies.
_934353
650 0 _aEducation, Higher
_zUnited States
_vCase studies.
_934354
650 0 _aCollege teaching
_zUnited States
_vCase studies.
_934355
700 1 _aTimpson, William M.
_922727
856 4 1 _3Table of contents
_uhttp://www.loc.gov/catdir/toc/ecip041/2003006498.html
906 _a7
_bcbc
_corignew
_d1
_eecip
_f20
_gy-gencatlg
942 _2ddc
_cBOOKS
_n0
999 _c33767
_d33767